1720 1948 1138 1635 1331 1842 1493 1772 1527 1240 1345 1914 1327 1684 1801 1857 1476 1480 1212 1752 1836 1544 1853 1254 1565 1639 1510 1421 1285 1203 1564 1607 1865 1656 1202 1621 2000 1368 1480 1232 1116 1954 1424 1464 1480 1796 1728 1084 1490 1669 1146 1731 1454 1999 1721 1978 1102 1463 1307 1235 1595 1832 1434 1915 1655 1616 1874 1949 1446 1262 1178 1004 1171 1807 1395 1266 1073 1313 1013 1431 1813 1470 1393 1014 1365 1005 1516 1823 1477 1166 1672 1864 1530 1252 1405 1211 1729 1904 1100 BCNSPRNW ULIB Ver.6.0+V

เปลี่ยนเป็นภาษาไทย

Change to English
 แสดงรายละเอียดบรรณานุกรม
  กลับหน้าหลัก

Brief Record : Get Marc (ISO 2709) : E-mail record : QR code < ปิดหน้าต่าง
LEADER : 00000nam 2200000uu 4500
001    13399113518
003     ULIB
008    110824s2552||||th 000 0 tha d
020    9786165200158
090    นว.^bน716ม 2552
100 0  นีรนารา
245 00 มนต์พฤกษามายาแห่งรัก/^cนีรนารา
250    พิมพ์ครั้งที่ 1
260    กรุงเทพฯ :^b1168พับลิชชิ่ง,^c2552
300    351 หน้า
710 1  1168พับลิชชิ่ง
945    ^p215^l0^i026747
995    ทศพร
999     ^aใช้งานได้ทุกระบบ
รายการนี้ยังไม่มีแท็ก
คุณยังไม่ได้ล็อกอิน คุณสามารถมีกิจกรรมร่วมกับเว็บไซต์ได้ แต่ต้องล็อกอินก่อน ::
  ล็อกอิน

รายการสื่อสารสนเทศ

ลำดับที่ ประเภท เลขเรียก/บาร์โค้ด สถานที่ สถานะ
1. นวนิยาย
นวนิยาย
นว. น716ม 2552 ฉ.1 
  Barcode: 026747
ห้องสมุดวิทยาเขตสวรรค์ประชารักษ์
►นวนิยาย
บนชั้น
  ขอยืม

BibComment


ยังไม่เคยถูกคอมเมนท์

คอมเมนท์ทรัพยากรรายการนี้
  คอมเมนท์: มนต์พฤกษามายาแห่ง..


 Copyright 2026. Bcnsprnw @Library